MDQL
is popping MORE tags! Check the
thread
!
Quizzes
Events
Quiz Creation
Community
Videos
Private Events
Remove Ads
Sign In
Join for FREE
Feedback
Dark Mode
Quiz Categories
Sports
Geography
Music
Movies
Television
Just For Fun
Miscellaneous
History
Literature
Language
Science
Gaming
Entertainment
Religion
Holiday
For Kids
Quiz Lab
Recent
Popular Today
Quiz Kudos Today
Editor Picks
Curator Picks
Quizzes by...
Day
Popularity
Type
Ratings
Length
Year
Community
Subscriptions
Recent Discussions
Orange Saloon
Badges
Playlists
Quests
Create
Leaderboards
Showdown
Live 5
Trivia Bingo
Activity
Puzzle Library
Sporcle Events
Private Events
Virtual Trivia
Globe League
Become a Host
Pub Owners
SporcleCon
Opinionation
Our Games
Videos
Blog
Mobile Apps
Partnerships
Remove Ads and Go Orange
Feedback
Television
TV Characters
TV Show
Sitcom
Network
Friends
Reality Shows
Cast
South Park
Star Trek
The Simpsons
Doctor Who
Television
TV Characters
TV Show
Sitcom
Network
Friends
Reality Shows
Cast
South Park
Star Trek
The Simpsons
Doctor Who
Random Quiz
Search Sporcle
×
Quiz Lab
Quiz Lab
Television
Fictional Characters
Type in answers that appear in a list
Type in answers that appear in a list
Classic
Best Score? Go Orange.
Downton Abbey: The Crawley Family Stats
Can you name the Downton Abbey: The Crawley Family
By
MrJeanBrodie
7m
23 Questions
987 Plays
987 Plays
987 Plays
Comments
Comments
Give Quiz Kudos
Give Quiz Kudos
-
- Ratings
hide this ad
More Info
Replay
Link that replays current quiz
Next Quiz
Link to next quiz in quiz playlist
You Got
0%
They Got
Avg Score
82%
Avg Friend Score
Upgrade to see
Score Distribution
Jump to the score distribution portion of the page
Score
0/23
Timer
07:00
0
Plays Today
Hint
Name
% Correct
The Earl of Grantham
Robert Crawley
98.6%
The Countess of Grantham
Cora Crawley
98.4%
The Dowager Countess of Grantham
Violet Crawley
98.4%
First Daughter of the Earl
Mary Crawley
98.1%
First Granddaughter of the Earl
Sybbie Branson
97.8%
Third Daughter of the Earl *
Sybil Branson
97.7%
Son-
In-
Law of the Earl*
Matthew Crawley
97.2%
Second Daughter of the Earl
Edith Crawley
97.1%
Son-
In-
Law of the Earl
Tom Branson
96.1%
Grandson of the Earl
George Crawley
93.7%
Sister of the Earl
Rosamund Painswick
90.7%
Dog of the Earl*
Isis
90.1%
Hint
Name
% Correct
Second Granddaughter of the Earl
Marigold Gregson
89.4%
Son-
in-
Law of the Earl
Henry Talbot
88.5%
Daughter of the Marquess of Flintshire
Rose Aldridge
88%
Son-
in-
Law of the Earl
Herbert Pelham
83.1%
Mother of the Countess of Grantham
Martha Levinson
82.8%
Brother of the Countess of Grantham
Harold Levinson
77.1%
Son-
In-
Law of the Marquess of Flintshire
Ephraim Atticus Aldridge
75%
Marquess of Flintshire
Hugh 'Shrimpie' MacClare
74.6%
Marchioness of Flintshire (Cousin)
Susan MacClare
67.1%
Distant Cousin-
By-
Marriage of the Earl
Isobel Crawley
66.7%
Brother of the Son-
In-
Law of the Earl
Kieran Branson
56.5%
Quiz Playlist
Details
Report
Send in Message
Add To Playlist
More Info:
Name the various (appearing) relatives of the Earl of Grantham. * Denotes deceased character
Classic:
Type in answers that appear in a list
Last Updated: Feb 16, 2017
Quiz Scoreboard
CHALLENGE
Sign Up to Join the Scoreboard
Show All
Scores
Hide
Comments
May contain spoilers
Recently Published
Image Sorting: Flags VI
by Barbecue
Geography
2m
Find the 'City' Movie
by crazypaving
Movies
60s
Colored Red Africa Blitz
by spor1
Geography
45s
More to Explore
Quiz From the Vault
Featured Blog Post
14 Easter Pick-up Lines to Find Eggs With
hide this ad
You Might Also Like...
Tags
aristocrat
Downton Abbey
Family Members
Fictional Characters
ITV
Julian Fellowes
Maggie Smith
Masterpiece Theatre
pbs
Today's Top Quizzes in Television
Browse Television
hide this ad
Today's Top Quizzes in Fictional Characters
Browse Fictional Characters
Top Contributed Quizzes in Television
1
Survivor Journey Challenge
2
Brooklyn Nine Nine Logic Puzzle (How-To-Play)
3
Total Drama Characters
4
Phoebe Buffay Quotes
5
Survivor Heroes vs. Villains Logic Puzzle
6
Adjectives in 00s TV Shows
7
Survivor Trivia
8
Game of Thrones: Tywin Lannister Start to Finish
9
Emmerdale Characters (from August 2012)
10
Survivor Logic Puzzle: Heroes vs. Villains
Explore More
Trending Topics
Harry Potter
Disney
Crossword
Anime
NBA
Marvel
Kpop
Puzzle
Country
Soccer
Song
The Office
Pokémon
WWE
NFL
hide this ad
More By:
MrJeanBrodie
Quiz
Plays
Rating
Category
Featured
Created
Once Upon A Time: Top 20 Character Minefield by Lines
36,389
3.58
Television
Dec 10, 2013
Star Wars: The Clone Wars: Characters by Appearances
10,329
5.00
Television
Mar 13, 2014
Once Upon A Time: Season One Character Lines
7,695
4.20
Television
Oct 30, 2013
The Hobbit: Characters by Number of Mentions
5,114
4.63
Literature
Feb 3, 2014
Once Upon A Time: Villains
4,123
3.50
Television
Oct 22, 2013
Go to Creator's Profile
Score Distribution
Quiz Creator Spotlight
MrJeanBrodie
Follow
Send a Message
Quizzes Created
-
Created Quiz Play Count
-
More By This Creator
Popular Quizzes Today
1
Colored Red Africa Blitz
2
Find the US States - No Outlines Minefield
3
Find the 'City' Movie
4
5x2 Blitz: Bands
5
The Countries of the World
6
Find the US States
7
Find the Countries of Europe - No Outlines Minefield
8
US States
More Television Quizzes
TV James By Show Blitz (Picture Click)
Quiz Lab
Trending Quizzes
Colored Red Europe Blitz I
Colored Red Europe Blitz II
Colored Red Africa Blitz II
Colored Red Europe Blitz III
Colored Red Africa Blitz III
Recently Updated
How Do You Spell That?
pecheneg
Godzilla Movies
pecheneg
Grab Bag: 4-10 Letters
pecheneg
2024 March Madness Bracket
pecheneg
Famous TV Couples
Peacemaker
Champions League XIs: Real Madrid
pecheneg
Largest US Cities 1790-2010
pecheneg
Rides in Walt Disney World
pecheneg
Most Oscar Losses (Acting)
pecheneg
Beyoncé Albums
pecheneg
Trending Topics
Kpop
Marvel
NBA
Harry Potter
Crossword
Anime
Disney
Country
Soccer
NFL
The Office
Song
WWE
Puzzle
Pokémon
Your Account Isn't Verified!
In order to create a playlist on Sporcle, you need to verify the email address you used during registration. Go to your
Sporcle Settings
to finish the process.
Report this User
Report this user for behavior that violates our
Community Guidelines
.
Details:
Send Report
Go to the Sporcle.com Mobile Site →
Comments